| 000 | 00681nam a2200181Ia 4500 | ||
|---|---|---|---|
| 008 | 151202s9999||||xx |||||||||||||| ||und|| | ||
| 082 | _bPNVM-2065 | ||
| 100 | _aपोतदार शंकर. | ||
| 245 | _aवृद्धत्व समस्या आणि उपाय. | ||
| 260 | _b"पॉप्युलर प्रकाशन,मुंबई." | ||
| 260 | _c1997 | ||
| 300 | _a105 | ||
| 600 | _aपोतदार शंकर. | ||
| 630 | _aवृद्धत्व समस्या आणि उपाय. | ||
| 700 | _aपोतदार शंकर. | ||
| 730 | _aवृद्धत्व समस्या आणि उपाय. | ||
| 942 | _cBOOK | ||
| 999 |
_c1268063 _d1268060 |
||